00717cam a2200241 a 450000100090000000300040000900500170001300800410003001000170007102000250008802000260011304000180013905000230015708200140018024500730019425000160026726000390028330000360032250400640035865000120042270000180043470000230045215636274OSt20180116192431.0090224s2009 enka b 001 0 eng  a 2009008156 a9781847882363 (pbk.) a9781847882370 (cloth) aDLCcDLCdDLC00aNK1510b.D477 200900a745.422200aDesign studies :ba reader /cedited by Hazel Clark and David Brody. aEnglish ed. aOxford ;aNew York :bBerg,c2009. axxiii, 572 p. :bill. ;c25 cm. aIncludes bibliographical references (p. 533-560) and index. 0aDesign.1 aClark, Hazel.1 aBrody, David Eric.